00723nam a2200181 a 4500003000200000005001700002008004100019050002900060100003800089245009500127260009300222300004000315504004100355650002300396650003700419650005000456650003500506020250217111934.0130827s19uu xx 00 eng d aPGS SB 317.5b.F363 2013 aFernandez, Jehanne Maerychelle P. aKakawate leaves as ripening agent to harvested banana /cJehanne Maerychelle P. Fernandez. aLas Piñas City, Philippines : bSouthville International School and Colleges, c2013. a17 pages :billustrations ;c28 cm. aIncludes bibliographical references. aBananasvRipening. aBananasvPostharvest technology. aGliricidia sepiumvAgricultural applications. aNatural plant ripening agents.